[Event "Loire Top 1516"]
[Site "Loire"]
[Date "2016.05.21"]
[Round "7.2"]
[White "Aumont Mathieu, Georges"]
[Black "Tchalimian, Pascal"]
[Result "1/2-1/2"]
[WhiteElo "1712"]
[BlackElo "1925"]
[PlyCount "65"]
[EventDate "2015.10.10"]
[EventType "swiss"]
[EventRounds "7"]
[EventCountry "FRA"]
[SourceTitle "EXT 2024"]
[Source "ChessBase"]
[SourceDate "2023.10.10"]
[SourceVersion "1"]
[SourceVersionDate "2023.10.10"]
[SourceQuality "1"]

1. e4 e6 2. d4 d5 3. Nd2 c5 4. Ngf3 cxd4 5. Nxd4 Nc6 6. c3 Nf6 7. Nxc6 bxc6 8. e5 Nd7 9. Nf3 Qb6 10. Qb3 Nc5 11. Qxb6 axb6 12. Nd4 Kd7 13. Be3 Ba6 14. Kd2 f6 15. f4 Be7 16. Kc2 fxe5 17. fxe5 Rhf8 18. a3 Bxf1 19. Rhxf1 Ne4 20. Nf3 c5 21. Nd2 Nxd2 22. Kxd2 Rf5 23. Rxf5 exf5 24. b4 Ke6 25. bxc5 Bxc5 26. Bd4 Rxa3 27. Rxa3 Bxa3 28. Bxb6 g6 29. Bd4 Bf8 30. Kd3 Bg7 31. c4 Bxe5 32. Bxe5 dxc4+ 33. Kd4 1/2-1/2

[Event "Loire Top 1516"]
[Site "Loire"]
[Date "2016.04.30"]
[Round "6.2"]
[White "Tchalimian, Pascal"]
[Black "Deville, Olivier"]
[Result "1-0"]
[WhiteElo "1923"]
[BlackElo "1872"]
[PlyCount "77"]
[EventDate "2015.10.10"]
[EventType "swiss"]
[EventRounds "7"]
[EventCountry "FRA"]
[SourceTitle "EXT 2024"]
[Source "ChessBase"]
[SourceDate "2023.10.10"]
[SourceVersion "1"]
[SourceVersionDate "2023.10.10"]
[SourceQuality "1"]

1. e4 c5 2. Nc3 Nc6 3. f4 e6 4. Nf3 d5 5. exd5 exd5 6. Bb5 Nf6 7. 0-0 Be7 8. Ne5 Qd6 9. d3 0-0 10. Bxc6 bxc6 11. Re1 Re8 12. Bd2 Rb8 13. Rb1 Ba6 14. Na4 Nd7 15. Be3 Nxe5 16. Bxc5 Qf6 17. fxe5 Bxc5+ 18. Nxc5 Rxe5 19. Nxa6 Rbe8 20. Rxe5 Qxe5 21. Qd2 Qd4+ 22. Qf2 Qa4 23. Nc5 Qxa2 24. Rf1 f6 25. Re1 Rxe1+ 26. Qxe1 h6 27. Qc1 Qa5 28. d4 Qb5 29. Kf2 Qb8 30. h3 Qb4 31. c3 Qb5 32. b3 Qb8 33. Qe3 Kh7 34. Kf3 Qh2 35. Qd3+ g6 36. Qe2 g5 37. Qe7+ Kg6 38. Qe8+ Kf5 39. g4# 1-0

[Event "Loire-ch Top20 1415"]
[Site "Loire"]
[Date "2015.01.24"]
[Round "4"]
[White "Tchalimian, Pascal"]
[Black "Vial Bonacci, Eric"]
[Result "1/2-1/2"]
[WhiteElo "1913"]
[BlackElo "2020"]
[PlyCount "74"]
[EventDate "2014.10.04"]
[EventType "swiss"]
[EventRounds "7"]
[EventCountry "FRA"]
[SourceTitle "EXT 2016"]
[Source "ChessBase"]
[SourceDate "2015.10.08"]
[SourceVersion "1"]
[SourceVersionDate "2015.10.08"]
[SourceQuality "1"]

1. b3 Nf6 2. Bb2 g6 3. Nf3 Bg7 4. c4 c5 5. e3 0-0 6. Be2 Nc6 7. 0-0 d6 8. d3 Qc7 9. Nbd2 Re8 10. Qb1 Nd7 11. Bxg7 Kxg7 12. Rd1 Nde5 13. d4 Nxf3+ 14. Nxf3 cxd4 15. Nxd4 Nxd4 16. Rxd4 Bd7 17. Qb2 Kg8 18. Rad1 Rad8 19. h4 f6 20. Bf3 Bc6 21. Qe2 Qa5 22. Bd5+ Bxd5 23. Rxd5 Qc7 24. Qd2 b6 25. e4 Kg7 26. Qb4 Qc8 27. R1d3 Qg4 28. Qe1 Qxh4 29. Rh3 Qf4 30. g3 Qf3 31. Qd2 Qxe4 32. Qh6+ Kf7 33. Qxh7+ Ke6 34. Rh6 Qe1+ 35. Kg2 Qe4+ 36. Kf1 Qb1+ 37. Kg2 Qe4+ 1/2-1/2

[Event "Loire-ch Top20 1415"]
[Site "Loire"]
[Date "2014.12.06"]
[Round "3"]
[White "Deville, Olivier"]
[Black "Tchalimian, Pascal"]
[Result "1/2-1/2"]
[WhiteElo "1912"]
[BlackElo "1913"]
[PlyCount "94"]
[EventDate "2014.10.04"]
[EventType "swiss"]
[EventRounds "7"]
[EventCountry "FRA"]
[SourceTitle "EXT 2016"]
[Source "ChessBase"]
[SourceDate "2015.10.08"]
[SourceVersion "1"]
[SourceVersionDate "2015.10.08"]
[SourceQuality "1"]

1. c4 Nf6 2. Nf3 Nc6 3. d4 d5 4. Bf4 Bg4 5. e3 e6 6. Nc3 Bb4 7. Rc1 0-0 8. Qb3 Bxf3 9. gxf3 Nh5 10. Bg3 a5 11. a3 a4 12. Qc2 Ba5 13. Bd3 g6 14. 0-0 Bxc3 15. Qxc3 Nxg3 16. hxg3 Ne7 17. Kg2 c6 18. Rh1 Qa5 19. Qc2 Kg7 20. Qe2 Rh8 21. c5 Nf5 22. g4 Ne7 23. f4 h6 24. Rcd1 Qc7 25. Rh3 Rab8 26. Qf3 f6 27. Bc2 b6 28. cxb6 Rxb6 29. Rb1 Qb7 30. g5 f5 31. gxh6+ Kh7 32. Qg3 Rf8 33. Qg5 Rf7 34. Bxa4 Rxb2 35. Rxb2 Qxb2 36. Rg3 Qc1 37. Kh2 Qxa3 38. Bxc6 Rf8 39. Bd7 Qd6 40. Ba4 Qd8 41. Bd1 Qe8 42. Rg1 Qf7 43. Ba4 Ng8 44. Kg2 Nf6 45. Rb1 Ne4 46. Qh4 Nc3 47. Rb4 Nxa4 1/2-1/2

[Event "Loire-ch Top20 1314"]
[Site "Loire"]
[Date "2014.02.15"]
[Round "6"]
[White "Cursoux, Gerard"]
[Black "Tchalimian, Pascal"]
[Result "0-1"]
[WhiteElo "1880"]
[BlackElo "1926"]
[PlyCount "72"]
[EventDate "2014.09.21"]
[EventType "swiss"]
[EventRounds "9"]
[EventCountry "FRA"]
[SourceTitle "EXT 2015"]
[Source "ChessBase"]
[SourceDate "2014.11.20"]
[SourceVersion "1"]
[SourceVersionDate "2014.11.20"]
[SourceQuality "1"]

1. e4 c5 2. f4 Nc6 3. Nc3 e6 4. Nf3 d5 5. e5 Be7 6. g3 Bd7 7. d3 Qb6 8. Bh3 g6 9. 0-0 Nd4 10. Nxd4 cxd4 11. Ne2 Rc8 12. Kh1 Qc5 13. c3 dxc3 14. bxc3 Bb5 15. Rb1 b6 16. Nd4 Bd7 17. Bd2 Qa3 18. g4 Bc5 19. Nc2 Qa6 20. d4 Bf8 21. Rf3 Ba4 22. Bf1 Qb7 23. Bb5+ Bxb5 24. Rxb5 h5 25. Rh3 Qa6 26. Rb1 Nh6 27. gxh5 Nf5 28. Nb4 Bxb4 29. Rxb4 Rc4 30. Qf1 Qxa2 31. hxg6 Rxh3 32. gxf7+ Kxf7 33. Qxh3 Rxb4 34. Qh5+ Ke7 35. Qh7+ Kd8 36. Qg8+ Kd7 0-1

[Event "Loire-ch Top20 1314"]
[Site "Loire"]
[Date "2013.11.09"]
[Round "3"]
[White "Tchalimian, Pascal"]
[Black "Deville, Olivier"]
[Result "1/2-1/2"]
[WhiteElo "1926"]
[BlackElo "1939"]
[PlyCount "94"]
[EventDate "2014.09.21"]
[EventType "swiss"]
[EventRounds "9"]
[EventCountry "FRA"]
[SourceTitle "EXT 2015"]
[Source "ChessBase"]
[SourceDate "2014.11.20"]
[SourceVersion "1"]
[SourceVersionDate "2014.11.20"]
[SourceQuality "1"]

1. e4 c5 2. Nf3 d6 3. d4 cxd4 4. Nxd4 Nf6 5. Nc3 a6 6. Bg5 e6 7. f4 h6 8. Bh4 Qb6 9. Bxf6 gxf6 10. Qd2 Qxb2 11. Nb3 Qa3 12. Be2 Nc6 13. 0-0 h5 14. Rae1 Bd7 15. f5 Be7 16. Kh1 Rc8 17. Rf3 Qb4 18. Ref1 e5 19. Rd3 Nd4 20. Nxd4 exd4 21. Nd5 Qb2 22. Rc1 Ba4 23. Rxd4 Qxa2 24. Qb4 Rxc2 25. Rxc2 Qxc2 26. Qxa4+ Qxa4 27. Rxa4 Bd8 28. Rb4 b5 29. Rb3 0-0 30. Ra3 Re8 31. Rxa6 Rxe4 32. Rxd6 Rxe2 33. Rxd8+ Kg7 34. Kg1 Rd2 35. Rd7 b4 36. Rb7 Rxd5 37. Rxb4 Rxf5 38. Rb8 Ra5 39. Rc8 f5 40. Rb8 Ra2 41. Rc8 Kf6 42. Rb8 f4 43. Rh8 Ra5 44. Kf2 Rg5 45. Kf3 Kf5 46. Rh7 f6 47. Rh6 Ke5 1/2-1/2

[Event "Loire-ch Top20 1314"]
[Site "Loire"]
[Date "2013.10.05"]
[Round "2"]
[White "Aumont Mathieu, Georges"]
[Black "Tchalimian, Pascal"]
[Result "0-1"]
[WhiteElo "1770"]
[BlackElo "1926"]
[PlyCount "72"]
[EventDate "2014.09.21"]
[EventType "swiss"]
[EventRounds "9"]
[EventCountry "FRA"]
[SourceTitle "EXT 2015"]
[Source "ChessBase"]
[SourceDate "2014.11.20"]
[SourceVersion "1"]
[SourceVersionDate "2014.11.20"]
[SourceQuality "1"]

1. e4 c5 2. c3 d5 3. exd5 Qxd5 4. d4 Nc6 5. Nf3 Bg4 6. Be2 cxd4 7. cxd4 e6 8. Nc3 Bb4 9. Bd2 Bxc3 10. bxc3 Nge7 11. h3 Bh5 12. 0-0 0-0 13. Qb3 Na5 14. Qxd5 exd5 15. g4 Bg6 16. Ne5 Rac8 17. Rfe1 f6 18. Nxg6 Nxg6 19. Bf3 Rfd8 20. Rab1 a6 21. Re6 Rc7 22. Rbe1 Kf7 23. Kf1 Nc4 24. Bc1 Nge5 25. R6xe5 fxe5 26. dxe5 Rc6 27. g5 Re6 28. Bf4 Rb6 29. Rd1 Rb5 30. Be2 Rc5 31. Bg4 Ke7 32. Ke2 Ra5 33. Ra1 Ra3 34. Kd3 b5 35. Kd4 Na5 36. Bd1 Nc6+ 0-1

[Event "Loire-ch Top20 1213"]
[Site "Loire"]
[Date "2013.04.13"]
[Round "8"]
[White "Deville, Olivier"]
[Black "Tchalimian, Pascal"]
[Result "1-0"]
[WhiteElo "1964"]
[BlackElo "1950"]
[PlyCount "55"]
[EventDate "2012.10.06"]
[EventType "swiss"]
[EventRounds "8"]
[EventCountry "FRA"]
[SourceTitle "EXT 2014"]
[Source "ChessBase"]
[SourceDate "2013.11.20"]
[SourceVersion "1"]
[SourceVersionDate "2013.11.20"]
[SourceQuality "1"]

1. Nf3 d5 2. c4 e6 3. g3 Nf6 4. Bg2 Nc6 5. 0-0 Be7 6. b3 Ne4 7. d3 Bf6 8. d4 0-0 9. Bb2 Re8 10. e3 b6 11. Nfd2 Nxd2 12. Qxd2 Bb7 13. cxd5 exd5 14. Nc3 Na5 15. Rac1 Qd7 16. Qe2 Bxd4 17. Rfd1 Bxc3 18. Bxc3 c6 19. Qh5 Qe6 20. Rd4 Bc8 21. Rh4 h6 22. g4 Nb7 23. g5 Qg6 24. Qxg6 fxg6 25. gxh6 g5 26. Rh5 g6 27. h7+ Kf7 28. h8Q 1-0

[Event "Loire-ch Top20 1213"]
[Site "Loire"]
[Date "2013.03.22"]
[Round "7"]
[White "Tchalimian, Pascal"]
[Black "Cursoux, Gerard"]
[Result "1-0"]
[WhiteElo "1950"]
[BlackElo "1900"]
[PlyCount "49"]
[EventDate "2012.10.06"]
[EventType "swiss"]
[EventRounds "8"]
[EventCountry "FRA"]
[SourceTitle "EXT 2014"]
[Source "ChessBase"]
[SourceDate "2013.11.20"]
[SourceVersion "1"]
[SourceVersionDate "2013.11.20"]
[SourceQuality "1"]

1. e4 c5 2. Nf3 d6 3. d4 cxd4 4. Nxd4 Nf6 5. Nc3 a6 6. Be2 e5 7. Nb3 Be7 8. Bg5 Be6 9. Bxf6 gxf6 10. Bg4 Bxb3 11. axb3 Rg8 12. g3 Nc6 13. Nd5 Rg6 14. c3 Bf8 15. Bf5 Rh6 16. b4 Ne7 17. Ne3 Qc7 18. Qa4+ Kd8 19. 0-0-0 Nxf5 20. Nxf5 Rg6 21. Nxd6 Bxd6 22. Rxd6+ Ke7 23. Rhd1 Kf8 24. Qb3 b5 25. Qd5 1-0

[Event "Loire-ch Top20 1213"]
[Site "Loire"]
[Date "2012.12.15"]
[Round "4"]
[White "Andre, Gregory"]
[Black "Tchalimian, Pascal"]
[Result "0-1"]
[WhiteElo "1810"]
[BlackElo "1950"]
[PlyCount "130"]
[EventDate "2012.10.06"]
[EventType "swiss"]
[EventRounds "8"]
[EventCountry "FRA"]
[SourceTitle "EXT 2014"]
[Source "ChessBase"]
[SourceDate "2013.11.20"]
[SourceVersion "1"]
[SourceVersionDate "2013.11.20"]
[SourceQuality "1"]

1. Nf3 d5 2. c4 d4 3. b4 Bg4 4. Qb3 f6 5. Bb2 e5 6. g3 d3 7. h3 dxe2 8. Bxe2 Bh5 9. 0-0 Nc6 10. a3 Qe7 11. Nxe5 Bxe2 12. Nxc6 bxc6 13. Re1 0-0-0 14. Qa4 Qe4 15. Nc3 Qxc4 16. Rxe2 Kb7 17. Rae1 Nh6 18. Ne4 Nf5 19. Rc1 Qb5 20. Qxb5+ cxb5 21. Nxf6 gxf6 22. Bxf6 Bd6 23. Bxh8 Rxh8 24. Kg2 Ra8 25. Re4 a5 26. g4 Ne7 27. f4 axb4 28. axb4 Ra2 29. Rd1 Nd5 30. f5 Ra3 31. Rf1 Rg3+ 32. Kf2 Rxh3 33. Ke2 Nf6 34. Rd4 Rg3 35. Rf3 Rg1 36. Rf1 Rg3 37. Rf3 Rxg4 38. Rxg4 Nxg4 39. f6 Ne5 40. Rf5 Kc6 41. Rh5 Nd7 42. Rxh7 Nxf6 43. Rh1 Nd5 44. Rc1+ Kb6 45. d3 Bxb4 46. Kd1 Ba3 47. Ra1 Bb2 48. Ra8 Nb4 49. Rg8 c6 50. Ke2 Kc5 51. Kd2 Bd4 52. Rg5+ Nd5 53. Kc2 Kb4 54. Rg6 c5 55. Rd6 Ne3+ 56. Kd2 Kb3 57. Rh6 Nc2 58. Rh1 Be3+ 59. Ke2 Kc3 60. Rb1 b4 61. Kd1 Nd4 62. Ra1 Kxd3 63. Ra2 c4 64. Rd2+ Ke4 65. Rh2 c3 0-1

[Event "Loire-ch Top20 1112"]
[Site "Loire"]
[Date "2012.05.26"]
[Round "7.5"]
[White "Cursoux, Gerard"]
[Black "Tchalimian, Pascal"]
[Result "1/2-1/2"]
[WhiteElo "1900"]
[BlackElo "2002"]
[PlyCount "38"]
[EventDate "2011.10.08"]
[EventType "tourn"]
[EventRounds "7"]
[EventCountry "FRA"]
[SourceTitle "EXT 2014"]
[Source "ChessBase"]
[SourceDate "2013.11.20"]
[SourceVersion "1"]
[SourceVersionDate "2013.11.20"]
[SourceQuality "1"]

1. d4 Nf6 2. c4 b6 3. Nc3 Bb7 4. f3 e6 5. e4 d6 6. Bd3 Nbd7 7. Nge2 Be7 8. b3 0-0 9. 0-0 Re8 10. Ng3 c6 11. f4 Nf8 12. Be3 a6 13. a4 Rc8 14. Rc1 g6 15. h3 N6d7 16. Qe2 Bh4 17. Qg4 f5 18. Qf3 c5 19. d5 Qf6 1/2-1/2

[Event "Loire-ch Top20 1011"]
[Site "Loire"]
[Date "2010.12.18"]
[Round "3"]
[White "Tchalimian, Pascal"]
[Black "Morice, Ludovic"]
[Result "1-0"]
[WhiteElo "2083"]
[BlackElo "2086"]
[PlyCount "86"]
[EventDate "2010.10.09"]
[EventType "swiss"]
[EventRounds "7"]
[EventCountry "FRA"]
[SourceTitle "EXT 2012"]
[Source "ChessBase"]
[SourceDate "2011.11.24"]
[SourceVersion "1"]
[SourceVersionDate "2011.11.24"]
[SourceQuality "1"]

1. b3 e5 2. Bb2 Nc6 3. e3 Nf6 4. Bb5 Bd6 5. Na3 a6 6. Bxc6 dxc6 7. Nc4 Qe7 8. h3 Bd7 9. Nf3 e4 10. Nd4 c5 11. Ne2 0-0-0 12. a4 Rhg8 13. Ng3 Nd5 14. Nxd6+ cxd6 15. Qh5 Nb4 16. 0-0-0 g6 17. Qxh7 Qe6 18. Qh4 f5 19. Qf6 Qd5 20. Ba3 Rgf8 21. Qb2 Be6 22. Ne2 Bf7 23. Bxb4 cxb4 24. Qd4 Qc5 25. Kb2 Kb8 26. h4 Rc8 27. Rc1 Qe5 28. Kb1 Qc5 29. Rh3 b5 30. axb5 Qxb5 31. Qxd6+ Ka8 32. Nd4 Qa5 33. Qd7 Qb6 34. Qe7 Bg8 35. Rg3 Rf7 36. Qe6 Qxe6 37. Nxe6 Rh7 38. Rxg6 Rxh4 39. Nd4 Rg4 40. Rxa6+ Kb7 41. Rf6 Rxg2 42. Nxf5 Kc7 43. Nd6 Bd5 1-0